| 000 | 00700nam a22002177a 4500 | ||
|---|---|---|---|
| 999 |
_c4067 _d4067 |
||
| 003 | AR-CdUCM | ||
| 008 | 190307b ||||| |||| 00| 0 spa d | ||
| 040 |
_aMUNICIPALIDAD PROVINCIAL DEL CUSCO _cBIBLIOTECA MUNICIPAL DEL CUSCO |
||
| 082 |
_a869.56 / _bG65 |
||
| 100 |
_aGoicochea Rios, Lilian _912932 |
||
| 245 | _aAmor y verso / | ||
| 260 |
_aCajamarca : _bPublicitaria carrera, _c1989. |
||
| 300 |
_a88 paginas ; _c19 cm. |
||
| 505 | _aContenido : El amor -- Queremos vivir -- Dulce alborada ... | ||
| 650 |
_aVersos cajamarquinos _912933 |
||
| 650 |
_aLiteratura peruana _9169 |
||
| 650 |
_aLiteratura latinoamericana _91143 |
||
| 710 |
_aConcytec _92809 |
||
| 942 |
_2ddc _cLIBROS |
||
| 945 | _arah | ||